Capoluogo di Provincia o no? - Statistics

Statistiche generali
  • Questo quiz è stato fatto 274 volte
  • Il punteggio medio è 81 su 100
Statistiche sulle risposte
Hint Risposta % Corretto
Aosta Si
91%
La Spezia Si
91%
Casoria No
89%
Corigliano-Rossano No
88%
Novara Si
88%
Como Si
88%
Siena Si
88%
Foggia Si
88%
Potenza Si
88%
Messina Si
88%
Torre del Greco No
87%
Marano di Napoli No
87%
Molfetta No
87%
Sesto Fiorentino
No
87%
Alessandria Si
87%
Cuneo Si
87%
Pordenone Si
87%
Udine Si
87%
Livorno Si
87%
Aprilia No
86%
Moncalieri No
86%
Bisceglie No
86%
Nettuno No
86%
Seregno No
86%
Torino Si
86%
Sondrio Si
86%
Cremona Si
86%
Trento Si
86%
Lucca Si
86%
Grosseto Si
86%
Cosenza Si
86%
Bagheria No
85%
Portici No
85%
Ardea No
85%
Nocera Inferiore No
85%
Rende No
85%
Milano Si
85%
Lodi Si
85%
Frosinone Si
85%
Caserta Si
85%
Bridnisi Si
85%
Crotone Si
85%
Caltanissetta Si
85%
Sesto San Giovanni No
84%
Pozzuoli No
84%
Cinisello Balsamo No
84%
Afragola No
84%
Acerra No
84%
Cerignola No
84%
Velletri No
84%
Grugliasco No
84%
Lecco Si
84%
Vicenza Si
84%
Macerata Si
84%
Viterbo Si
84%
Teramo Si
84%
Agrigento Si
84%
Giugliano No
83%
Marsala No
83%
Anzio No
83%
Modica No
83%
Manfredonia No
83%
Gallarate No
83%
Rho No
83%
Pisticci No
83%
Mazara del Vallo No
83%
Terni Si
83%
Benevento Si
83%
Barletta Si
83%
Fiumicino No
82%
Legnano No
82%
Tivoli No
82%
Acireale No
82%
Vasto No
82%
Foligno No
81%
Sanremo No
81%
Mnatova Si
81%
Rovigo Si
81%
Pistoia Si
81%
Busto Arsizio No
80%
Altamura No
80%
Biella Si
80%
Savona Si
80%
Enna Si
80%
Viareggio No
79%
Belluno Si
79%
Isernia Si
79%
Chieti Si
79%
Bitonto No
78%
Faenza No
77%
Civitavecchia No
77%
Gela No
76%
Carpi No
75%
Fano No
74%
Sassuolo No
70%
Fermo Si
70%
Andria Si
70%
Tempio Pausania Si
12%
Sanluri Si
10%
Tortolì Si
5%
Nessun quiz corrispondente trovato
Distribuzione punteggi
Percentuale di utenti per punteggio
Percentile per numero di risposta
I tuoi punteggi nel tempo
Non hai fatto questo quiz